000 01486cam a2200313 i 4500
003 SA-RiAUC
005 20250512100524.0
008 250512s1994 su o g b 001 0 ara c
040 _aAE-AiULD
_bara
_cSA-RiAUC
_erda
050 4 _b.S55 1994
082 0 4 _a233
090 _a233
_b س ل م
100 1 _aالسلفي، أحمد بن محمد بن سلفة،
_d478-576 هجري
_eمؤلف.
245 1 0 _aكتاب الوجيز في ذكر المجاز والوجيز /
_cتخريج الحافظ أبي طاهر أحمد بن محمد بن أحمد السلفي الأصبهاني ؛ علق عليه وحقق نصوصه وخرج أحاديثه عبد الغفور عبد الحق حسين البلوشي.
246 3 0 _aالوجيز في ذكر المجاز والمجيز
250 _aالطبعة الأولى.
264 1 _aالمدينة المنورة :
_bمكتبة دار الإيمان،
_c1994
300 _a152 صفحة :
_bصور ؛
_c23 سم
336 _aنص
_btxt
_2rdacontent
_3كتاب
337 _aبدون وسيط
_bn
_2rdamedia
338 _aمجلد
_bnc
_2rdacarrier
500 _aيشتمل على كشافات.
504 _aببليوجرافية : صفحة 136-149.
650 7 _aالحديث
_xالجرح والتعديل
_2aucsh
650 7 _aالحديث
_xرواية
_2aucsh
700 1 _aالبلوشي، عبد الغفور بن عبد الحق معين
_eمعلق.
942 _2ddc
_cBOOK
_n0
949 _aSA-JeALM
_d250512
_umohamedma123
_n1
999 _c7868
_d7868